000 00869nam a22002537 4500
999 _c854
_d854
003 AR-BaISA
005 20220408185714.0
007 ta
008 220408b2011 sp ad||f |||| 001 0 spa d
020 _a9788471017406
040 _bspa
_cAR-BaISA
082 0 4 _222
_a611 M498
100 1 _92018
_aMelloni, June L.
245 _aMelloni's:
_bsecretos de anatomía imprescindibles para el estudiante /
_cJune L. Melloni, Ida G. Dox, H. Paul Melloni, B. John Melloni
260 _aMadrid:
_bMarbán,
_c2011
300 _aVII, 408 p.:
_bil., gráfs., tablas
504 _aÍndice analítico p.:397-408.
505 _tArterias --
_tHuesos --
_tMúsculos --
_tNervios --
_tVenas --
_tLigamentos
650 1 4 _947
_aAnatomía humana
700 1 _92019
_aDox, Ida G.
_eaut
700 1 _92020
_aMelloni, H. Paul
_eaut
700 1 _92021
_aMelloni, B. John
942 _2ddc
_cLI
_e22